| 000 | 01769nam0a2200349 4500 | ||
|---|---|---|---|
| 001 | RU\NLR\bibl\1202366 | ||
| 005 | 20260405161150.0 | ||
| 010 |
_a978-5-93093-521-9 _91000 |
||
| 021 |
_aRU _b2008-4979 _9267 |
||
| 035 | _a(NLR Aleph) 001188862 | ||
| 090 |
_a1704504 _c1704504 |
||
| 100 | _a20080318d2008 |||y0rusy50 ca | ||
| 101 | 0 | _arus | |
| 102 | _aRU | ||
| 105 | _aa ||||||||| | ||
| 200 | 1 |
_aПримеры гидравлических расчетов _eучебное пособие для студентов высших учебных заведений, обучающихся по направлению подготовки "Строительство" _fА.М. Тужилкин, В.М. Степаов, Е.К. Злобин [и др.] |
|
| 205 | _aИзд. 2-е, перераб. | ||
| 210 |
_aМосква _cАСВ _d2008 |
||
| 215 |
_a166 с. _cил. _d21 |
||
| 320 | _aБиблиогр.: с. 165 (4 назв.) | ||
| 606 | 1 |
_aНапорные трубопроводы _jУчебные издания для высших учебных заведений _xГидравлический расчет _91693185 _3RU\NLR\auth\66752963 |
|
| 686 | _aО72-022.82я73-1 | ||
| 686 | _aЖ123я73-1 | ||
| 701 | 1 |
_4070 _7ca _8rus _aТужилкин _bА. М. _gАнатолий Матвеевич _950606 _3RU\NLR\auth\7767678 |
|
| 701 | 1 |
_4070 _7ca _8rus _aСтепанов _bВ. М. _cспециалист в обл. гидравлики _gВладимир Михайлович _950563 _3RU\NLR\auth\7767635 |
|
| 701 | 1 |
_4070 _7ca _8rus _aЗлобин _bЕ. К. _gЕвгений Константинович _950611 _3RU\NLR\auth\7767683 |
|
| 801 | 0 |
_aRU _bNLR _c20080318 _gRCR |
|
| 801 | 1 |
_aRU _bNLR _c20080318 |
|
| 830 | _aпо кн | ||
| 942 | _cBOOK | ||
| 980 | _aNB | ||